Catálogo

INGENIERIA ESTRUCTURAL (Registro nro. 1447)

Detalles MARC
000 -LEADER
fixed length control field 00474nam a2200169 a 4500
001 - CONTROL NUMBER
control field 1447
005 - DATE AND TIME OF LATEST TRANSACTION
control field 20180713181509.0
008 - FIXED-LENGTH DATA ELEMENTS--GENERAL INFORMATION
fixed length control field 140415s1984 000 0 spa d
041 ## - LANGUAGE CODE
Language code of text/sound track or separate title spa
082 ## - DEWEY DECIMAL CLASSIFICATION NUMBER
Classification number 624.1
Item number INS
100 1# - MAIN ENTRY--PERSONAL NAME
Personal name INSTITUTO DE INVESTIGACIONES ELECTRICAS
245 10 - TITLE STATEMENT
Title INGENIERIA ESTRUCTURAL
260 ## - PUBLICATION, DISTRIBUTION, ETC.
Place of publication, distribution, etc. [s.l.] :
Name of publisher, distributor, etc. DIVISION DE ESTUDIOS DE INGENIERIA,
Date of publication, distribution, etc. 1984
300 ## - PHYSICAL DESCRIPTION
Extent 72
490 ## - SERIES STATEMENT
Series statement CUADERNOS
Volume/sequential designation 1
650 14 - SUBJECT ADDED ENTRY--TOPICAL TERM
Topical term or geographic name entry element INGENIERIA DE ESTRUCTURAS
Existencias
Withdrawn status Lost status Source of classification or shelving scheme Damaged status Not for loan Collection code Home library Current library Shelving location Date acquired Source of acquisition Total Checkouts Full call number Barcode Price effective from Koha item type
    Dewey Decimal Classification   Consulta en sala Referencia Biblioteca Karol Wojtyla Biblioteca Karol Wojtyla Referencia 03/12/2013 Compra   624.1 INS 11874 10/07/2018 Folleto